000 00380nam a22001577a 4500
003 OSt
005 20160818101041.0
008 160818b xxu||||| |||| 00| 0 eng d
020 _a0201066866
040 _cN/A
100 _aA.Lewis Ford
245 _aUniversity Physics
250 _a7th ed
260 _aCalifonia
_bAddison Wesley Publishing Company
_c1987
942 _2lcc
_cBK
999 _c255058
_d255057